000 00864nam a2200205 i 4500
001 186547
003 SpMaBN
005 20230906222707.0
008 161124s1944 sp b |||| | spa d
080 _a947
100 1 _aHanisch, Erdmann.
_9161366
245 1 0 _aHistoria de Rusia /
_cpor el Dr. Erdmann Hanisch ; traducción del alemán por G. Sans Huélin.
260 _aMadrid :
_bEspasa-Calpe,
_c1944.
300 _a2 v. (256, [1] h. de mapa col.; 273 p.) ;
_c23 cm.
505 8 _aContiene: I ;
_tDesde los comienzos hasta el final del siglo XVIII (con un mapa) - II ;
_tDe 1801 a 1917
651 4 _aRusia-
_xHistoria.
_99330
700 1 _aSans Huelin, Guillermo.
_9103207
852 _aES-MaACL
_jL-30892-93
_z. - Biblioteca Jacinto Martínez Lacalle
852 _aES-MaACL
_jL-32014 (v. 2)
_z. - Donat. herederos de la bibl. de Mª del Pilar Costa Palacín
999 _c186547
_d186547